000 00662nam a2200289Ia 4500
005 20260324144047.0
008 008 260324s9999 xx 000 0 eng d
020 _a9781315223810
037 _aEBOOK
040 _aCRL
040 _beng
040 _cCRL
041 _2eng
041 _aeng
084 _qCRL
100 _aRhoda Unger
_91217925
245 0 _aRepresentations
245 0 _bSocial Constructions of Gender
260 _bTaylor and Francis
260 _c1989
365 _a
365 _b140
856 _uhttp://www.taylorfrancis.com/books/9781315223810
942 _cEBOOK
999 _c1824088
_d1824088